Women entrepreneurship / (Record no. 67009)

MARC details
000 -LEADER
fixed length control field 00414nam a22001457a 4500
005 - DATE AND TIME OF LATEST TRANSACTION
control field 20180803124334.0
020 ## - INTERNATIONAL STANDARD BOOK NUMBER
International Standard Book Number 8176487198
Terms of availability 595.00
035 ## - SYSTEM CONTROL NUMBER
System control number B-121894, B-121899
037 ## - SOURCE OF ACQUISITION
Stock number DPL
Source of stock number/acquisition ENG
100 ## - MAIN ENTRY--PERSONAL NAME
Personal name Barua, Nayan
245 ## - TITLE STATEMENT
Title Women entrepreneurship /
Statement of responsibility, etc by Nayan Barua
260 ## - PUBLICATION, DISTRIBUTION, ETC. (IMPRINT)
Place of publication, distribution, etc New Delhi
Name of publisher, distributor, etc APH Publishing Corporation
Date of publication, distribution, etc 2005
300 ## - PHYSICAL DESCRIPTION
Extent 250p.
Dimensions 20 cms.
942 ## - ADDED ENTRY ELEMENTS (KOHA)
Source of classification or shelving scheme Dewey Decimal Classification
Item type English Books
Classification part 338.04
Call number suffix BAR
Holdings
Withdrawn status Lost status Not for loan Collection code Home library Current library Date acquired Cost, normal purchase price Full call number Barcode Cost, replacement price Koha item type Source of acquisition
      Non-fiction Sarojini Nagar Sarojini Nagar 22/05/2012 595.00 338.04 BAR B-121894 595.00 English Books  
      Non-fiction Shahdara Branch Shahdara Branch 03/08/2018 595.00 338.04 BAR B-121899 595.00 English Books BPPD/PUB

© Delhi Public Library
Hit Counter
free hit counter